| 000 | 00644nam a2200229 a 4500 | ||
|---|---|---|---|
| 001 | BRCA_8185 | ||
| 005 | 20190320210152.0 | ||
| 008 | 080514s1960----sz-a###f##---#000-0#ger-# | ||
| 041 | _ager | ||
| 044 | _asz | ||
| 050 | 4 |
_aND196 _b.M3 _c1960 |
|
| 245 | 1 | 0 |
_aDie malerfamilie Holbein in Basel _causstellungskomission prof. Joseph Ganter. |
| 260 |
_aBasilea, Suiza _bDruck _c1960 |
||
| 300 |
_a342 p. _bil., 113 láminas _c24 cm. |
||
| 500 | _aX95 | ||
| 504 | _aBibliografĂa p. 38-55 | ||
| 600 | 1 | 4 |
_aHolbein, Hans _d1497-1543 _910385 |
| 650 | 1 | 4 |
_aPintores alemanes _9797 |
| 700 | 1 |
_aGanter, Joseph _920401 |
|
| 902 | _aGFM | ||
| 942 |
_2lcc _cB |
||
| 999 |
_c7853 _d7853 |
||